| 000 -LEADER |
| fixed length control field |
01675cem a2200361 4500 |
| 001 - CONTROL NUMBER |
| control field |
263900 |
| 005 - DATE AND TIME OF LATEST TRANSACTION |
| control field |
20230201144136.0 |
| 007 - PHYSICAL DESCRIPTION FIXED FIELD--GENERAL INFORMATION |
| fixed length control field |
ad canzn |
| 008 - FIXED-LENGTH DATA ELEMENTS--GENERAL INFORMATION |
| fixed length control field |
931210s1994 nyu e eng |
| 010 ## - LIBRARY OF CONGRESS CONTROL NUMBER |
| LC control number |
93048325 |
| 020 ## - INTERNATIONAL STANDARD BOOK NUMBER |
| International Standard Book Number |
0195210751 (hardback) : |
| Terms of availability |
$19.95 |
| 020 ## - INTERNATIONAL STANDARD BOOK NUMBER |
| International Standard Book Number |
0195210778 (paperback) |
| 034 0# - CODED CARTOGRAPHIC MATHEMATICAL DATA |
| Category of scale |
a |
| 040 ## - CATALOGING SOURCE |
| Original cataloging agency |
DLC |
| Transcribing agency |
DLC |
| Modifying agency |
DLC |
| 050 00 - LIBRARY OF CONGRESS CALL NUMBER |
| Classification number |
G1037 |
| Item number |
.G5 1994 |
| 082 00 - DEWEY DECIMAL CLASSIFICATION NUMBER |
| Classification number |
912.4,GIL |
| Edition number |
20 |
| 100 1# - MAIN ENTRY--PERSONAL NAME |
| Personal name |
Gilbert, Martin, |
| Dates associated with a name |
1936-2015. |
| 9 (RLIN) |
108420 |
| 240 10 - UNIFORM TITLE |
| Uniform title |
First World War atlas |
| 245 10 - TITLE STATEMENT |
| Title |
Atlas of World War I / |
| Statement of responsibility, etc. |
Martin Gilbert ; introduction by the late Viscount Montgomery of Alamein. |
| 250 ## - EDITION STATEMENT |
| Edition statement |
2nd ed. |
| 255 ## - CARTOGRAPHIC MATHEMATICAL DATA |
| Statement of scale |
Scales differ. |
| 260 ## - PUBLICATION, DISTRIBUTION, ETC. |
| Place of publication, distribution, etc. |
New York : |
| Name of publisher, distributor, etc. |
Oxford University Press, |
| Date of publication, distribution, etc. |
1994. |
| 300 ## - PHYSICAL DESCRIPTION |
| Extent |
1 atlas (xxxii, 164) : |
| Other physical details |
maps ; |
| Dimensions |
26 cm. |
| 505 ## - FORMATTED CONTENTS NOTE |
| Formatted contents note |
Section 1: Prelude to War (Page-1-14), Section 2: 1914: The Eraly Months of War )Page-15-31), Section 3: 1915 (Page-52-63), Section 4: (Page-64-73), The War in the air (Page-74-87), The War at Sea (Page-88-109), Section 7: 1917 (Page-110-123), Section 8: 1918 (Page-124-143), Section 9: The World at War (Page-124-143), Section 10: Aftermath (Page-144-164). |
| 650 #0 - SUBJECT ADDED ENTRY--TOPICAL TERM |
| Topical term or geographic name entry element |
World War, 1914-1918 |
| General subdivision |
Campaigns |
| Form subdivision |
Maps. |
| 9 (RLIN) |
108421 |
| 650 #0 - SUBJECT ADDED ENTRY--TOPICAL TERM |
| Topical term or geographic name entry element |
Historical geography |
| Form subdivision |
Maps. |
| 9 (RLIN) |
108422 |
| 740 0# - ADDED ENTRY--UNCONTROLLED RELATED/ANALYTICAL TITLE |
| Uncontrolled related/analytical title |
Atlas of World War One. |
| 740 0# - ADDED ENTRY--UNCONTROLLED RELATED/ANALYTICAL TITLE |
| Uncontrolled related/analytical title |
Atlas of the First World War, the complete history. |
| 856 42 - ELECTRONIC LOCATION AND ACCESS |
| Materials specified |
Publisher description |
| Uniform Resource Identifier |
<a href="http://www.loc.gov/catdir/enhancements/fy0636/93048325-d.html">http://www.loc.gov/catdir/enhancements/fy0636/93048325-d.html</a> |
| 856 42 - ELECTRONIC LOCATION AND ACCESS |
| Materials specified |
Contributor biographical information |
| Uniform Resource Identifier |
<a href="http://www.loc.gov/catdir/enhancements/fy0723/93048325-b.html">http://www.loc.gov/catdir/enhancements/fy0723/93048325-b.html</a> |
| 906 ## - LOCAL DATA ELEMENT F, LDF (RLIN) |
| a |
7 |
| b |
cbc |
| c |
orignew |
| d |
1 |
| e |
ocip |
| f |
19 |
| g |
y-geogmaps |
| 942 ## - ADDED ENTRY ELEMENTS (KOHA) |
| Source of classification or shelving scheme |
|
| Koha item type |
Book |